[Event "HCL-B192"]
[Site "www.playchess.de"]
[Date "2001.03.14"]
[Round "30"]
[White "Translightor"]
[Black "Dlastdon"]
[WhiteElo "1417"]
[BlackElo "1287"]
[PlyCount "49"]
[Result "1-0"]

1.e4 {Welcome & Good Luck!}  c5 {Same to U}  2.Nf3 
d6 3.d4 Bg4 4.dxc5 Bxf3 5.Qxf3 Qa5+ 6.Nc3 Qxc5 
7.Be3 Qc8 8.Nd5 Nf6 9.c4 Qg4 10.Nxf6+ exf6 11.Qxg4 
Nd7 12.Be2 Ne5 13.Qg3 Be7 14.O-O O-O 15.b4 b6 
16.h4 Rac8 17.h5 g6 18.Rac1 Rfd8 19.Rfd1 g5 20.f4 
Nc6 21.fxg5 fxg5 22.Bxg5 Bxg5 23.Qxg5+ Kh8 24.h6 
Rdg8 25.Qf6+ 1-0

[Event "CCL-E013"]
[Site "www.playchess.de"]
[Date "2001.03.14"]
[Round "3"]
[White "Chessy"]
[Black "Nightmare"]
[WhiteElo "2000"]
[BlackElo "2000"]
[PlyCount "24"]
[Result "0-1"]

1.e4 {Hello!Good game!}  c5 2.Nf3 d6 {Hello, which 
program are you using?}  3.d4 {Shredder 5 and 
you?}  cxd4 {Rebel Century 3}  4.Nxd4 Nf6 5.Nc3 a6 
6.Bg5 e6 7.f4 Nbd7 8.Qf3 Qc7 9.O-O-O Be7 10.Bd3 b5 
11.Rhe1 Bb7 12.Nd5 exd5 0-1

[Event "HCL-A086"]
[Site "www.playchess.de"]
[Date "2001.03.14"]
[Round "4"]
[White "peze"]
[Black "appieh58"]
[WhiteElo "2005"]
[BlackElo "1355"]
[PlyCount "43"]
[Result "1-0"]

1.e4 {Hello and good luck!}  e5 2.Nf3 Nf6 3.Nxe5 
d6 4.Nc4 Nxe4 5.d4 Be7 6.Bd3 d5 7.O-O O-O 8.Bf4 
Nf6 9.Ne3 Nc6 10.c3 Re8 11.Re1 Bd6 12.Bg5 h6 
13.Bxf6 Qxf6 14.Nxd5 Rxe1+ 15.Qxe1 Qe6 16.Ne3 Bd7 
17.Nd2 Ne7 18.Nec4 Qxe1+ 19.Rxe1 Re8 20.Nxd6 cxd6 
21.Nc4 d5 22.Nd6 1-0

[Event "HCL-B200"]
[Site "www.playchess.de"]
[Date "2001.03.14"]
[Round "4"]
[White "JaredMW"]
[Black "ademarmr"]
[WhiteElo "1500"]
[BlackElo "1500"]
[PlyCount "62"]
[Result "0-1"]

1.e4 {Hi, it's nice to meet you. I'm 14 years old, 
and from the northeastern United States.}  c5 {Hi! 
Nice to meet you too, I am 56, I hope we have a 
good game. Good luck!}  2.Nf3 Nc6 3.d4 {Where in 
Brazil do you live?}  cxd4 {at Vitoria, Espirito 
Santo state, 500 km north from Rio de Janeiro.}  
4.Nxd4 e5 5.Nxc6 bxc6 6.Bc4 {Check out my website 
at http://chessconnection.cjb.net}  Nf6 {I will !} 
 7.Nc3 {Thanks.}  Bb4 8.Bg5 {If you haven't 
already, I would appreciate it if you would sign 
up for the newsletter on my website.}  Qa5 9.Qf3 
Be7 {Iou are playing very weell! I must be very  
carefull in this game!}  10.O-O {Thanks.  You are 
also playing very well.}  O-O {I visited your 
site, sign up nathing yet, but I downloaded Chess 
Mentor Demo! Do you know?}  11.a3 {Thanks for 
visiting . . I am hoping to add a lot more 
features.  Page still in test stage.}  Ba6 12.Qd3 
Bxc4 13.Qxc4 Rfe8 14.Rfd1 Rad8 15.b4 {Sorry I took 
so long to move.}  Qc7 16.Rd2 Nxe4 {Did you have 
some problem?}  17.Nxe4 d5 18.Qa6 {Wasn't at the 
computer much for a few days.  (BAD MOVE BY ME!)}  
dxe4 19.Rxd8 Bxd8 20.Bxd8 Rxd8 21.Qe2 Qd7 22.h3 
Qd4 23.Re1 {You have a one - pawn advantage so 
far.}  f5 24.g4 Qc3 25.Rd1 Rxd1+ 26.Qxd1 Qd4 
27.Qe1 f4 28.c3 Qd3 29.Kg2 e3 30.a4 e2 31.b5 
Qd1 0-1

[Event "HCL-C202"]
[Site "www.playchess.de"]
[Date "2001.03.14"]
[Round "2"]
[White "papino"]
[Black "tiberiuskirk"]
[WhiteElo "1000"]
[BlackElo "1108"]
[PlyCount "31"]
[Result "1-0"]

1.e4 {Hello! Best wishes for the game.}  e6 {Live 
long and prosper!}  2.d4 d5 3.Nd2 dxe4 4.Nxe4 Qd5 
5.Bd3 Nf6 6.Nxf6+ gxf6 7.Nf3 Rg8 8.O-O Qh5 9.Bf4 
Bd6 10.Bxd6 cxd6 11.Be2 Qg6 12.g3 e5 13.dxe5 fxe5 
14.Re1 Bg4 15.Nxe5 Bxe2 16.Nxg6 1-0

[Event "HCL-A090"]
[Site "www.playchess.de"]
[Date "2001.03.14"]
[Round "15"]
[White "Gorodish"]
[Black "Gruhni"]
[WhiteElo "1704"]
[BlackElo "1288"]
[PlyCount "71"]
[Result "1-0"]

1.d4 e6 2.e4 d5 3.Nc3 Bb4 4.e5 c5 5.a3 Bxc3+ 
6.bxc3 c4 7.Qg4 g6 8.Nf3 Nc6 9.Be2 Nge7 10.O-O Bd7 
11.Rb1 b6 12.Bg5 h6 13.Bf6 Rh7 14.Qh3 Qc7 15.Ng5 
hxg5 16.Qxh7 Kd8 17.Qxf7 Be8 18.Qxe6 Qd7 19.Qxd7+ 
Bxd7 20.Bxg5 Bf5 21.Rb2 Kc7 22.Bxe7 Nxe7 23.g4 Be6 
24.f4 Rh8 25.Kg2 Rf8 26.Kg3 Kd7 27.h4 Rg8 28.Rh1 
Rh8 29.a4 Kc6 30.a5 b5 31.h5 gxh5 32.Rxh5 Rxh5 
33.gxh5 Nf5+ 34.Kh3 Nxd4+ 35.Bg4 Bxg4+ 
36.Kxg4 1-0

[Event "HCL-A086"]
[Site "www.playchess.de"]
[Date "2001.03.14"]
[Round "20"]
[White "SuperNova"]
[Black "Lydeking"]
[WhiteElo "1700"]
[BlackElo "1658"]
[PlyCount "28"]
[Result "1/2-1/2"]

1.Nc3 {hello. good luck.}  c5 2.Nf3 Nc6 3.d4 cxd4 
4.Nxd4 Nf6 5.Bg5 e6 6.Bxf6 Qxf6 7.e3 a6 8.Be2 Bb4 
9.Qd3 O-O 10.a3 Ba5 11.O-O Nxd4 12.exd4 d5 13.Nd1 
Bd7 14.c3 Bb5 1/2-1/2

[Event "ACL-A106"]
[Site "www.playchess.de"]
[Date "2001.03.14"]
[Round "3"]
[White "chucaniam"]
[Black "SuperNova"]
[WhiteElo "1500"]
[BlackElo "1500"]
[PlyCount "31"]
[Result "0-1"]

1.e4 Nf6 2.e5 Nd5 3.d4 d6 4.c4 Nb6 5.f4 dxe5 
6.fxe5 Nc6 7.Nf3 Bg4 8.Be3 e6 9.a3 Bxf3 10.gxf3 
Be7 11.Rg1 Bh4+ 12.Rg1 Nxc4 13.Ke2 Nxe3 14.Rxg7 
Nxd4 15.Kxe3 Bf2+ 16.Qxd4 0-1

[Event "HCL-B205"]
[Site "www.playchess.de"]
[Date "2001.03.14"]
[Round "4"]
[White "Translightor"]
[Black "pfff5"]
[WhiteElo "1476"]
[BlackElo "1500"]
[PlyCount "91"]
[Result "1-0"]

1.e4 e5 {viel Gluck}  2.Nf3 {Danke, Dir auch.}  
Nc6 3.Bb5 a6 4.Ba4 Nf6 5.d4 exd4 6.O-O d5 7.Nxd4 
Nxe4 8.Nxc6 bxc6 9.Bxc6+ Bd7 10.Qxd5 Nf6 11.Qe5+ 
Be7 12.Bxa8 Qxa8 13.Re1 Qd8 14.Bf4 Be6 15.Qxc7 O-O 
16.Nc3 Bb4 17.Qc6 Nd5 18.Red1 Ne7 19.Qxa6 Qc8 
20.Qxc8 Rxc8 21.Nb5 h6 22.c3 Bc5 23.Bd6 Bxd6 
24.Nxd6 Rb8 25.b3 Nd5 26.c4 Nc3 27.Rd3 Ne2+ 28.Kf1 
Nf4 29.Rd4 Ng6 30.f4 Ne7 31.h3 g6 32.g4 Nc6 33.Rd2 
Rd8 34.Rad1 Ra8 35.f5 gxf5 36.gxf5 Bc8 37.Nxc8 
Rxc8 38.R2d6 Nb4 39.R6d8+ Rxd8 40.Rxd8+ Kg7 41.a3 
Nc2 42.a4 Ne3+ 43.Kf2 Nxf5 44.a5 Ne7 45.a6 Nc6 
46.Rd7 1-0

[Event "HCL-B202"]
[Site "www.playchess.de"]
[Date "2001.03.14"]
[Round "29"]
[White "patzer"]
[Black "Translightor"]
[WhiteElo "1250"]
[BlackElo "1472"]
[PlyCount "86"]
[Result "1/2-1/2"]

1.e4 {Viel Spaß!}  c5 {Wünsche ich Dir auch.}  
2.Nf3 Nf6 3.e5 Nd5 4.Nc3 e6 5.Nxd5 exd5 6.d4 Nc6 
7.dxc5 Bxc5 8.Qxd5 Qb6 9.Bc4 Bxf2+ 10.Kd1 O-O 
11.Rf1 Ne7 12.Qb5 Qxb5 13.Bxb5 Bb6 14.Bg5 Ng6 
15.Kd2 Bc7 16.Rae1 d6 17.exd6 Bxd6 18.Bd3 Nf4 
19.Be7 Bxe7 20.Rxe7 Nxd3 21.cxd3 b6 22.Ng5 f6 
23.Nf3 Ba6 24.Rfe1 Rfd8 25.R1e3 Rd6 26.R7e8+ Rxe8 
27.Rxe8+ Kf7 28.Re3 Re6 29.Rxe6 Kxe6 30.Ke3 Kd5 
31.Nd4 g6 32.g3 h5 33.Ne2 g5 34.Nc3+ Ke6 35.Ne4 
Bb7 36.a3 Bxe4 37.dxe4 {Letzter Zug für Heute. Bis 
dann...}  Ke5 {Na gottseidank! Ich dachte schon, 
wir spielen beide Partien heute bis zum Matt...}  
38.h3 {Spaß hat's gemacht! Mal ein paar schnelle 
Züge hintereinander zu spielen. Remis?}  b5 {Ich 
möchte mal schauen, ob ich Dich noch in Zugzwang 
bringen kann.}  39.b3 {Gut, dann geht es eben noch 
ein wenig weiter...}  h4 {Blöder Serverausfall - 
so wird man ja nie mit seinen Partien fertig!}  
40.gxh4 {Habe das gar nicht mitbekommen da ich 
gestern kaum Zeit hatte...}  gxh4 {Hoffentlich 
habe ich das Bauernendspiel nicht zu optimistisch 
beurteilt.}  41.Kf3 {Endlich kann es wieder 
weitergehen...!}  f5 {Habe in der Zwischenzeit 
vergessen, welchen Plan ich hatte.}  42.exf5 
{Vielleicht jetzt Remis?}  Kxf5 {Noch nicht. 
Vielleicht bringt mir das Reservetempo noch was 
ein.}  43.b4 a6 {Okay, ich seh's ein. Dein Bauer 
wäre schneller als einer von meinen.} 
 1/2-1/2

[Event "HCL-B202"]
[Site "www.playchess.de"]
[Date "2001.03.14"]
[Round "31"]
[White "patzer"]
[Black "Colm"]
[WhiteElo "1250"]
[BlackElo "1283"]
[PlyCount "39"]
[Result "1-0"]

1.e4 c5 2.Nf3 d6 3.d4 cxd4 4.Nxd4 Nf6 5.Nc3 a6 
6.Bg5 e6 7.f4 Qb6 8.Qd2 Qxb2 9.Rb1 Qa3 10.Be2 Nbd7 
11.O-O Be7 12.e5 dxe5 13.fxe5 Nxe5 14.Bxf6 Bxf6 
15.Rxf6 gxf6 16.Ne4 Qe7 17.Qf4 Nd7 18.Nd6+ Kd8 
19.Rxb7 e5 20.Nc6+ 1-0

[Event "HCL-C209"]
[Site "www.playchess.de"]
[Date "2001.03.14"]
[Round "23"]
[White "lsoule"]
[Black "fabrizio"]
[WhiteElo "971"]
[BlackElo "1000"]
[PlyCount "52"]
[Result "0-1"]

1.e4 e5 2.Nf3 Nc6 3.Nc3 Nf6 4.Bb5 Bb4 5.O-O O-O 
6.d3 Bxc3 7.bxc3 d6 8.Bg5 a6 9.Bxc6 bxc6 10.d4 Qe8 
11.Bxf6 gxf6 12.Nh4 Rb8 13.Nf5 Bxf5 14.exf5 Kh8 
15.Re1 Rb2 16.Re3 Rg8 17.Qh5 Rg5 18.Qh4 Rxc2 19.f4 
Rcxg2+ 20.Kh1 R2g4 21.Qh3 Rxf4 22.Qh6 Rfxf5 23.Rh3 
Qg8 24.Rg3 Rxg3 25.hxg3 Qxg3 26.Qf8+ 
Qg8 0-1

[Event "HCL-A094"]
[Site "www.playchess.de"]
[Date "2001.03.14"]
[Round "24"]
[White "anne_t"]
[Black "minkin72"]
[WhiteElo "1700"]
[BlackElo "2034"]
[PlyCount "50"]
[Result "0-1"]

1.e4 {Hello, i am Anne, 18 year from the 
netherlands, have a nice match}  e5 {Hi Anne, I'm 
Russian living in US, hope you will have fun 
playing here :)}  2.d3 Bc5 3.Be2 Nc6 4.Nf3 d6 5.a3 
a6 6.Bg5 f6 7.Bh4 Nge7 8.Bg3 O-O 9.O-O Ng6 10.Nbd2 
f5 11.exf5 Rxf5 12.Ne4 Ba7 13.Nfd2 Nf4 14.Bg4 Rf7 
15.Bxc8 Rxc8 16.Nf3 Qe7 17.Bxf4 Rxf4 18.Ng3 Rcf8 
19.Nh1 R4xf3 20.gxf3 Qg5+ 21.Ng3 Nd4 22.Kg2 Nxf3 
23.Qc1 Qh4 24.h3 Ng5 25.Rh1 Rxf2+ 0-1

[Event "HCL-B204"]
[Site "www.playchess.de"]
[Date "2001.03.14"]
[Round "21"]
[White "Torenvalk"]
[Black "Whatever"]
[WhiteElo "1646"]
[BlackElo "1496"]
[PlyCount "30"]
[Result "1/2-1/2"]

1.d4 Nf6 {Have a good game.}  2.c4 c5 3.d5 b5 
4.cxb5 {Hi}  a6 5.bxa6 Bxa6 6.Nc3 d6 7.Nf3 g6 
8.Nd2 Bg7 9.e4 Bxf1 10.Nxf1 O-O 11.Ne3 Nbd7 12.O-O 
Qa5 13.Qc2 Rfb8 14.Bd2 Qa6 15.f4 
Nb6 1/2-1/2

[Event "HCL-B220"]
[Site "www.playchess.de"]
[Date "2001.03.14"]
[Round "9"]
[White "ulibear"]
[Black "sloba55"]
[WhiteElo "1136"]
[BlackElo "1400"]
[PlyCount "21"]
[Result "1-0"]

1.e4 {lets have a nice game}  e5 2.Nf3 Nc6 3.Bb5 
a6 4.Ba4 Nf6 5.O-O Nxe4 6.d4 b5 7.Bb3 d5 8.dxe5 
Be6 9.a4 Bc5 10.axb5 Nb8 11.Nbd2 {the first open 
Ruy Lopez I've met here}  1-0

[Event "HCL-B219"]
[Site "www.playchess.de"]
[Date "2001.03.14"]
[Round "10"]
[White "Whatever"]
[Black "MP"]
[WhiteElo "1473"]
[BlackElo "1155"]
[PlyCount "37"]
[Result "1-0"]

1.e4 {Have a good game.}  c5 2.Nf3 d6 3.d4 cxd4 
4.Nxd4 Nc6 5.c4 Nf6 6.Nc3 {You're a blitz champion 
or what? :-)}  e6 {I need a lot of pratice}  7.Be3 
Be7 8.Be2 O-O 9.O-O a6 10.Rc1 Bd7 11.Nb3 Rc8 12.f4 
Na5 13.Nxa5 Qxa5 {.}  14.e5 dxe5 15.fxe5 Ne8 
16.Qxd7 Rc7 17.Qd2 Rc8 18.Nd5 Qxd2 
19.Nxe7+ 1-0

[Event "HCL-B225"]
[Site "www.playchess.de"]
[Date "2001.03.14"]
[Round "4"]
[White "ggaarrii"]
[Black "Bill"]
[WhiteElo "1276"]
[BlackElo "1264"]
[PlyCount "28"]
[Result "0-1"]

1.e4 e5 2.Nf3 Nc6 3.d4 exd4 4.Nxd4 Nf6 5.Bc4 Nxe4 
6.O-O d5 7.Re1 Be7 8.Bb5 Bd7 9.Nxc6 Bxc6 10.Bxc6+ 
bxc6 11.Qe2 O-O 12.f3 Bc5+ 13.Be3 d4 14.Bd2 
d3+ 0-1

[Event "HCL-B061"]
[Site "www.playchess.de"]
[Date "2001.03.15"]
[Round "6"]
[White "mrchess"]
[Black "jaa"]
[WhiteElo "1588"]
[BlackElo "1500"]
[PlyCount "93"]
[Result "1-0"]

1.d4 d5 2.c4 c6 3.cxd5 cxd5 4.Nc3 Nf6 5.Nf3 Nc6 
6.Bg5 e6 7.e3 Be7 8.Rc1 O-O 9.Bb5 Bd7 10.Bxc6 Bxc6 
11.Ne5 Be8 12.O-O h6 13.Bh4 g5 14.Bg3 Nd7 15.Ng4 
Kh7 16.Nb5 Qb6 17.Nc7 Rc8 18.Rc2 Bd6 19.Nxd5 exd5 
20.Rxc8 f5 21.Ne5 Qa6 22.Nxd7 Bxd7 23.Rxf8 Bxf8 
24.Be5 Qxa2 25.Qa1 Qxa1 26.Rxa1 a6 27.Kf1 Kg6 
28.Bc7 h5 29.Ke1 g4 30.Rc1 Bb5 31.Ba5 Bc6 32.h3 
Be7 33.hxg4 fxg4 34.f3 g3 35.Kd2 Kf5 36.Kc3 Bg5 
37.Re1 h4 38.Bc7 Ke6 39.e4 Kd7 40.exd5 Bxd5 41.Re5 
Kxc7 42.Rxg5 h3 43.gxh3 Bxf3 44.Rxg3 Bd5 45.h4 a5 
46.h5 b5 47.h6 1-0

[Event "HCL-B090"]
[Site "www.playchess.de"]
[Date "2001.03.15"]
[Round "10"]
[White "jorgenio"]
[Black "Inge_Heumann"]
[WhiteElo "1500"]
[BlackElo "1500"]
[PlyCount "54"]
[Result "0-1"]

1.d4 e6 2.e4 d5 3.Nd2 Nf6 4.e5 Nfd7 5.Bd3 c5 6.c3 
Nc6 7.Ngf3 Qb6 8.O-O cxd4 9.cxd4 Nxd4 10.Nxd4 Qxd4 
11.Nf3 Qb6 12.Qc2 h6 13.Be3 Bc5 14.Bxc5 Nxc5 
15.Be2 Bd7 16.a4 Qa5 17.b4 Qxb4 18.Rfb1 Qa5 19.Rb5 
Bxb5 20.Bxb5+ Nd7 21.Bxd7+ Kxd7 22.Rc1 Rac8 23.Qb2 
Rxc1+ 24.Qxc1 Qxa4 25.Qb1 b6 26.g3 Qe4 27.Kg2 
Qxb1 0-1

[Event "HCL-B118"]
[Site "www.playchess.de"]
[Date "2001.03.15"]
[Round "20"]
[White "Keen"]
[Black "Tsjernobyl"]
[WhiteElo "1400"]
[BlackElo "1300"]
[PlyCount "41"]
[Result "1-0"]

1.e4 e6 2.d4 d5 3.e5 b6 4.c3 Ba6 5.Bxa6 Nxa6 6.Qd3 
Nb8 7.f4 Be7 8.Nf3 Nc6 9.O-O Qd7 10.Be3 Na5 11.b3 
Nh6 12.Nbd2 Nf5 13.Bf2 O-O 14.g4 Nh6 15.h3 g6 
16.Bh4 Bxh4 17.Nxh4 Rac8 18.Qe3 c5 19.f5 Nxf5 
20.gxf5 exf5 21.Qg5 1-0

[Event "HCL-C142"]
[Site "www.playchess.de"]
[Date "2001.03.15"]
[Round "7"]
[White "Brazil"]
[Black "sonnyspock"]
[WhiteElo "1000"]
[BlackElo "1202"]
[PlyCount "60"]
[Result "1/2-1/2"]

1.e4 e6 2.d4 d5 3.e5 c5 4.c3 Bd7 5.Bb5 Qb6 6.Nf3 
bxc6 7.Bxc6 cxd4 8.Qb3 c5 9.Nxd4 Ne7 10.Nf3 Qxb3 
11.O-O Nf5 12.axb3 Be7 13.c4 O-O 14.Nc3 exd5 
15.cxd5 Be6 16.Nxd5 Nxe7 17.Nxe7+ Rfc8 18.Be3 Bxb3 
19.Rfd1 Nf5 20.Rd7 Rab8 21.Rdxa7 Bd5 22.Bd2 Bxf3 
23.Bc3 Nh4 24.gxf3 Nf5 25.f4 g6 26.Kg2 Nd4 27.R7a6 
cxd4 28.Bxd4 Rxb2 29.Rd6 Rcc2 30.Rxd4 
Rf1 1/2-1/2

[Event "HCL-C142"]
[Site "www.playchess.de"]
[Date "2001.03.15"]
[Round "9"]
[White "Brazil"]
[Black "Rengar"]
[WhiteElo "1000"]
[BlackElo "1047"]
[PlyCount "43"]
[Result "1-0"]

1.Nf3 d5 2.c4 Nf6 3.g3 dxc4 4.Na3 e6 5.Nxc4 b6 
6.Bg2 Bb7 7.O-O Nbd7 8.b3 Be7 9.Bb2 O-O 10.d4 c5 
11.Rc1 Rc8 12.Re1 Re8 13.dxc5 Nxc5 14.b4 Na6 15.a3 
Bd5 16.Nfe5 Bd6 17.Nxd6 Qxd6 18.Bxd5 Rxc1 19.Qxc1 
Nxd5 20.Rd1 Rd8 21.e4 Qc7 22.exd5 1-0

[Event "HCL-C146"]
[Site "www.playchess.de"]
[Date "2001.03.15"]
[Round "1"]
[White "dg"]
[Black "ictus"]
[WhiteElo "1223"]
[BlackElo "1152"]
[PlyCount "103"]
[Result "1-0"]

1.e4 e6 2.d4 d5 3.e5 c5 4.Nf3 cxd4 5.Qxd4 Nc6 
6.Qe3 Nge7 7.Bb5 Bd7 8.Nc3 Nf5 9.Qe2 Ncd4 10.Bxd7+ 
Qxd7 11.Nxd4 Nxd4 12.Qd3 Nf5 13.O-O Be7 14.Be3 d4 
15.Rfd1 Rd8 16.Bxd4 Nxd4 17.Ne2 Nxe2+ 18.Qxe2 Qc6 
19.c3 Rxd1+ 20.Rxd1 O-O 21.Qe3 Bc5 22.Qd3 Qb6 
23.Rd2 h6 24.b4 Be7 25.Qb1 Rd8 26.Re2 Rd5 27.c4 
Rd8 28.a3 f6 29.c5 Bxc5 30.exf6 gxf6 31.Qg6+ Kf8 
32.Qxf6+ Kg8 33.Qg6+ Kf8 34.Qxh6+ Ke8 35.Qg6+ Ke7 
36.Qg7+ Kd6 37.Qe5+ Ke7 38.Qg7+ Kd6 39.Qe5+ Kc6 
40.Qxe6+ Kb5 41.g3 Bxf2+ 42.Kf1 Rd1+ 43.Kg2 Rg1+ 
44.Kh3 Qxe6+ 45.Rxe6 Rc1 46.Rf6 Rc7 47.Rxf2 Ka4 
48.Rf3 a5 49.bxa5 Kxa5 50.g4 Ka4 51.Kg3 b5 
52.h4 1-0

[Event "HCL-E012"]
[Site "www.playchess.de"]
[Date "2001.03.15"]
[Round "12"]
[White "Aramis"]
[Black "Goofy"]
[WhiteElo "2257"]
[BlackElo "2000"]
[PlyCount "63"]
[Result "1-0"]

1.e4 c5 2.Nf3 Nc6 3.d4 cxd4 4.Nxd4 Nf6 5.Nc3 d6 
6.Be3 e5 7.Nb3 Be6 8.f3 Be7 9.Qd2 a6 10.O-O-O b5 
11.g4 Rc8 12.Nd5 Bxd5 13.exd5 Nb8 14.g5 Nfd7 
15.Bh3 Rc4 16.Kb1 O-O 17.Bf5 Nb6 18.Qf2 Na4 19.h4 
Nd7 20.f4 Ndc5 21.fxe5 dxe5 22.h5 Ne4 23.Bxe4 Rxe4 
24.Qf3 Rc4 25.Qf5 Qc7 26.d6 Bxd6 27.h6 Qc8 28.Qxc8 
Rfxc8 29.Rxd6 R4xc2 30.Rd2 Rxd2 31.Nxd2 {You have 
one figure less and your knight on a4 is not 
playing.Do you want to go further?}  f5 {Actually 
no, but I have so many games running. I 'll resign 
next turn.}  32.gxf6 1-0

[Event "ACL-A065"]
[Site "www.playchess.de"]
[Date "2001.03.15"]
[Round "33"]
[White "Pupser"]
[Black "Edik"]
[WhiteElo "1500"]
[BlackElo "1500"]
[PlyCount "105"]
[Result "1-0"]

1.e4 c6 2.d4 d5 3.Nc3 dxe4 4.Nxe4 Bf5 5.Ng3 Bg6 
6.Nf3 Nd7 7.h4 h6 8.h5 Bh7 9.Bd3 Bxd3 10.Qxd3 Ngf6 
11.Bd2 Qc7 12.O-O-O e6 13.Ne4 O-O-O 14.g3 Nc5 
15.Nxc5 Bxc5 16.Qe2 Bd6 17.Ne5 c5 18.Rh4 Bxe5 
19.dxe5 Nd5 20.Ra4 Kb8 21.Ba5 b6 22.Bd2 Qb7 23.Ra3 
Ne7 24.Be3 Ka8 25.Rad3 Nc6 26.R3d6 Kb8 27.Qg4 Rhg8 
28.R6xd8+ Nxd8 29.Bxh6 g6 30.hxg6 fxg6 31.Bg5 Qc8 
32.Bxd8 Rxd8 33.Qxg6 Rxd1+ 34.Kxd1 Qc6 35.Qd3 Qh1+ 
36.Kd2 Qg1 37.Qf3 Qb1 38.Qf8+ Kb7 39.Qe7+ Ka6 
40.Qxe6 Qxb2 41.Qd5 Qb4+ 42.c3 Qb2+ 43.Ke3 Ka5 
44.Qd2 Qa3 45.e6 Qa4 46.e7 Qc6 47.c4+ Ka6 48.Qd5 
Qh6+ 49.Ke2 Qg6 50.Qd7 Qe4+ 51.Kd2 Qe5 52.e8Q {%}  
Qb2+ 53.Ke1 1-0

[Event "HCL-C154"]
[Site "www.playchess.de"]
[Date "2001.03.15"]
[Round "14"]
[White "Petra"]
[Black "Ben-E-Gas"]
[WhiteElo "1179"]
[BlackElo "1000"]
[PlyCount "51"]
[Result "1-0"]

1.e4 b5 2.d4 a5 3.Bxb5 Ba6 4.Ba4 Nf6 5.e5 Ne4 
6.Qf3 Bb7 7.Bb3 e6 8.Qe3 Bb4+ 9.Nc3 Nc6 10.Qxe4 
Qe7 11.Nge2 d5 12.Qf4 Ba6 13.O-O h6 14.a3 g5 
15.Qf3 Bxc3 16.Qxc3 g4 17.Qxc6+ Qd7 18.Qxa8+ Qd8 
19.Ba4+ Ke7 20.Qxa6 Qa8 21.Qxa8 Rxa8 22.Bxh6 f6 
23.f3 gxf3 24.Rxf3 fxe5 25.dxe5 Rh8 
26.Bg5+ 1-0

[Event "HCL-M010"]
[Site "www.playchess.de"]
[Date "2001.03.15"]
[Round "8"]
[White "Utesch"]
[Black "ARMAGEDON_8"]
[WhiteElo "2433"]
[BlackElo "2264"]
[PlyCount "43"]
[Result "1/2-1/2"]

1.d4 {Nice to meet you again!}  Nf6 {The pleasure 
is mine.Good luck!}  2.c4 g6 3.Nc3 d5 4.cxd5 Nxd5 
5.e4 Nxc3 6.bxc3 Bg7 7.Qa4+ Qd7 8.Qxd7+ Bxd7 9.Ba3 
b6 10.Nf3 c5 11.Rc1 O-O 12.dxc5 Rc8 13.Bc4 b5 
14.Bd5 Nc6 15.O-O e6 16.Bb3 a5 17.Rfd1 Be8 18.Nd4 
a4 19.Bc2 Ne5 20.Rcb1 Nc4 21.Bb4 e5 
22.Nf3 1/2-1/2

[Event "HCL-C158"]
[Site "www.playchess.de"]
[Date "2001.03.15"]
[Round "8"]
[White "weebs"]
[Black "Allesnehmer"]
[WhiteElo "1000"]
[BlackElo "1849"]
[PlyCount "36"]
[Result "0-1"]

1.d4 e6 2.c4 Nf6 3.g3 d5 4.Bg2 dxc4 5.Qa4+ Nbd7 
6.Qxc4 c5 7.Nf3 a6 8.Qc2 b5 9.O-O Bb7 10.b3 Rc8 
11.Qb2 cxd4 12.b4 e5 13.Bg5 Qe7 14.a3 Nb6 15.Nbd2 
Na4 16.Qb3 Nc3 17.Rac1 Nxe2+ 18.Kh1 
Nxc1 0-1

[Event "HCL-B165"]
[Site "www.playchess.de"]
[Date "2001.03.15"]
[Round "6"]
[White "Bauernopfer"]
[Black "Gandalf_9417"]
[WhiteElo "1320"]
[BlackElo "1509"]
[PlyCount "53"]
[Result "1-0"]

1.e4 c6 2.Nf3 d5 3.exd5 cxd5 4.d4 Bg4 5.h3 Bh5 
6.Be2 Nf6 7.Bg5 Nbd7 8.Nc3 e6 9.O-O Qb6 10.Bxf6 
Nxf6 11.b3 Bxf3 12.Bxf3 Bb4 13.Qd3 Rc8 14.Na4 Qc6 
15.Rac1 O-O 16.c3 Bd6 17.Rfe1 b5 18.Nb2 Ba3 19.Rc2 
Rc7 20.Nd1 b4 21.c4 Rfc8 22.c5 Re7 23.Ne3 Ne8 
24.Nxd5 Rd7 25.Ne7+ Rxe7 26.Bxc6 Rxc6 
27.d5 1-0

[Event "HCL-B167"]
[Site "www.playchess.de"]
[Date "2001.03.15"]
[Round "10"]
[White "Salo"]
[Black "Redbaron"]
[WhiteElo "1738"]
[BlackElo "1458"]
[PlyCount "87"]
[Result "1-0"]

1.e4 {Good luck}  c5 {Thanks, good luck to you 
too!}  2.Nf3 Nc6 3.Bb5 {Thanks!}  a6 4.Bxc6 dxc6 
5.d3 g6 6.Bd2 Bg7 7.Bc3 Nf6 8.Nbd2 b5 9.Nb3 b4 
10.Bxf6 exf6 11.Nxc5 Qe7 12.d4 f5 13.e5 Bxe5 
14.Nxe5 f6 15.Qf3 O-O 16.Qxc6 Ra7 17.O-O-O fxe5 
18.Qd5+ Rf7 19.dxe5 Rc7 20.Qd8+ Kg7 21.Qxe7 Rfxe7 
22.Rd5 Rc6 23.Nd3 Be6 24.Ra5 b3 25.axb3 {Nice 
move! I didn't see it coming!}  Bxb3 {Thanks, this 
is an intersting game for sure!}  26.c3 Bc4 27.Rd1 
g5 28.Nb4 Rce6 29.Rc5 Bb3 30.Re1 Rd7 31.Nc2 Bxc2 
32.Kxc2 h5 33.c4 Kg6 34.Rd5 Rde7 35.Kc3 g4 36.f4 
gxf3 37.gxf3 f4 38.Rg1+ Kf5 39.h4 R6xe5 40.Rg5+ 
Kf6 41.Rdxe5 Rxe5 42.Rxe5 Kxe5 43.b4 Kd6 
44.Kd4 1-0

[Event "HCL-A073"]
[Site "www.playchess.de"]
[Date "2001.03.15"]
[Round "15"]
[White "Meho"]
[Black "markjburden"]
[WhiteElo "1700"]
[BlackElo "1368"]
[PlyCount "85"]
[Result "1-0"]

1.d4 {hi, good luck. I am from Ýstanbul.}  d5 
{good luck}  2.c4 e6 3.Nc3 Bb4 4.Qc2 Nc6 5.Nf3 h6 
6.a3 Bxc3+ 7.Qxc3 Nf6 8.Bf4 Ne4 9.Qc2 Qf6 10.e3 
Ne7 11.Be5 Qg6 12.Bxc7 Nc6 13.Bg3 Bd7 14.Bd3 f5 
15.O-O O-O 16.Ne5 Nxe5 17.Bxe5 Rac8 18.c5 a6 
19.Qe2 Bc6 20.Rfc1 Rf7 21.b4 Bb5 22.Bxb5 axb5 
23.Rc2 Rc6 24.Qxb5 Ng5 25.Qe2 f4 26.Bxf4 Nf3+ 
27.Kh1 Nh4 28.Bg3 Nf5 29.b5 Rc8 30.Be5 Nh4 31.f3 
Rcf8 32.Bd6 Rd8 33.e4 dxe4 34.Qxe4 Qg5 35.Qxe6 Qg6 
36.Qxg6 Nxg6 37.Re1 b6 {you've too many pawns for 
my liking - this may not last much longer}  38.h3 
{yes, you did not save pawns}  Nf4 39.Bxf4 Rxf4 
40.Re4 Rxd4 41.Rxf4 {I think I am winning}  Rxf4 
{i don't htink i much chance to stop those three 
pawns - i'll try but i don't hope to much!}  
42.cxb6 Rf6 43.b7 1-0

[Event "HCL-B166"]
[Site "www.playchess.de"]
[Date "2001.03.15"]
[Round "4"]
[White "adamant"]
[Black "AD"]
[WhiteElo "885"]
[BlackElo "1657"]
[PlyCount "57"]
[Result "1-0"]

1.c4 e5 2.Nc3 Nf6 3.d3 Nc6 4.Bg5 h6 5.Bh4 g5 6.Bg3 
Bb4 7.Nf3 Bxc3+ 8.bxc3 e4 9.Nd2 exd3 10.exd3 d6 
11.Be2 h5 12.f3 Qe7 13.Rb1 b6 14.O-O Bd7 15.Re1 
O-O-O 16.d4 Qe3+ 17.Bf2 Qxc3 18.Rb3 Qa5 19.a3 d5 
20.c5 Qa4 21.Qa1 Nb8 22.Rb4 Qc6 23.Rc1 Qe6 24.Bd3 
a5 25.cxb6 c6 26.b7+ Kc7 27.Bg3+ {!!}  Qd6 
28.Bxd6+ Kxd6 29.Ra4 1-0

[Event "HCL-A073"]
[Site "www.playchess.de"]
[Date "2001.03.15"]
[Round "19"]
[White "hominoid"]
[Black "Drawmaster"]
[WhiteElo "1426"]
[BlackElo "1700"]
[PlyCount "45"]
[Result "1-0"]

1.c4 c5 {Good luck}  2.Nc3 Nf6 3.Nf3 d5 4.cxd5 
Nxd5 5.g3 g6 6.Bg2 Bg7 7.Qb3 O-O 8.Nxd5 e6 9.Nc3 
Nc6 10.e3 b6 11.O-O Na5 12.Qc2 Bb7 13.d4 Ba6 
14.Rd1 Qf6 15.b3 Rac8 16.Ne4 Qe7 17.Ba3 Rfe8 
18.Rac1 Nb7 19.dxc5 bxc5 20.Bb2 Bxb2 21.Qxb2 Na5 
22.Nf6+ Kh8 23.Nd5+ 1-0

[Event "ACL-A091"]
[Site "www.playchess.de"]
[Date "2001.03.15"]
[Round "18"]
[White "Zsozso"]
[Black "yaroslav"]
[WhiteElo "1548"]
[BlackElo "1500"]
[PlyCount "43"]
[Result "1-0"]

1.e4 {Hello. Good luck!}  c5 {good luck}  2.Nf3 
Nc6 3.d4 cxd4 {thanks}  4.Nxd4 Nxd4 5.Qxd4 e6 6.c4 
Qf6 7.Be3 Bb4+ 8.Nd2 Bxd2+ 9.Qxd2 Nh6 10.Be2 O-O 
11.c5 Qe5 12.Bf3 b5 13.Bf4 Qxc5 14.Bd6 Qc4 15.b3 
Qc6 16.e5 Qc5 17.Bxc5 Re8 18.Bxa8 Ba6 19.Be4 f5 
20.exf6 gxf6 21.Qxd7 Rb8 22.Qxh7+ 1-0